Sports Quiz

Random Sports Quiz

Plymouth Argyle Pre-season General Knowledge Quiz Stats

 Plays Quiz not verified by Sporcle

Support Sporcle.
Go Orange.
Score 0/15 Timer 05:00
0 Plays Today
Question Answer Wrong Answers
Who were Argyle's first pre-season opponents under Derek Adams? ???
64.2%
???
12.4%
???
16.1%
???
7.3%
Argyle lost a friendly 4-0 to Swansea City at Home Park in 2014. Who scored twice for the visitors? ???
62.8%
???
11.7%
???
14.6%
???
10.2%
Who did Argyle host in their final pre-season game before the start of the 2016/17 season? ???
60.6%
???
14.6%
???
7.3%
???
17.5%
Argyle lost 5-1 to Yeovil Town during pre-season in 2018. Who scored Argyle's goal? ???
55.5%
???
9.5%
???
6.6%
???
27.7%
Argyle also played a friendly against Feyenoord in 2017 and managed a credible draw. What was the score that day? ???
54.5%
???
27.3%
???
11.4%
???
6.1%
Argyle came from behind to beat Maastricht during a pre-season tour in 2016. Yann Songo'o scored the winner with an overhead kick, but who scored Argyle's equaliser? ???
52.6%
???
10.2%
???
8.8%
???
27%
Who scored for Cardiff in their 1-0 friendly win against Argyle in 2017? ???
49.6%
???
14.6%
???
12.4%
???
22.6%
Who were Argyle's first pre-season opponents in 2016? ???
42.3%
???
21.2%
???
17.5%
???
16.8%
Argyle won that game comfortably - what was the final score? ???
35%
???
17.5%
???
23.4%
???
21.2%
Who scored Argyle's first goal during pre-season in 2018? ???
32.1%
???
20.4%
???
16.8%
???
27.7%
One of those games came against Feyenoord. Argyle lost 2-1. Who scored for the Greens? ???
30.7%
???
29.2%
???
17.5%
???
21.9%
Since the end of the 2013/14 season, how many times have Argyle played a pre-season match against Torquay United? ???
28.8%
???
12.1%
???
25.8%
???
30.3%
Who started that game in goal for Argyle? ???
26.3%
???
27.7%
???
16.8%
???
29.2%
How many of Argyle's pre-season matches in 2018 were played outside of England? ???
23.4%
???
21.9%
???
46.7%
???
7.3%
Argyle beat a Reading Under 23s side at Home Park 2-1 in 2015. Who scored for Reading? ???
19%
???
62.8%
???
12.4%
???
5.8%

You're not logged in!

Compare scores with friends on all Sporcle quizzes.
OR
Log In

From the Vault

57 'M' Movies

by DarkPhalanx

The most moving and meticulous movies ever made.
Remove Ads.
Support Sporcle.
Get the best of Sporcle when you Go Orange. This ad-free experience offers more features, more stats, and more fun while also helping to support Sporcle. Thank you for becoming a member.

Show Comments

Extras

Created Jul 8, 2019ReportNominate
Tags:Argyle, gone, Plymouth, Remember

Top Quizzes Today


Score Distribution

Your Account Isn't Verified!

In order to create a playlist on Sporcle, you need to verify the email address you used during registration. Go to your Sporcle Settings to finish the process.

Report this User

Report this user for behavior that violates our Community Guidelines.

Details: